[Event "Bad Zwesten op"]
[Site "Bad Zwesten"]
[Date "1997.??.??"]
[Round "5"]
[White "Forgacs, Attila"]
[Black "Pachow, Joerg"]
[Result "0-1"]
[WhiteElo "2195"]
[BlackElo "2345"]

1.e4 c5 2.Nf3 Nc6 3.Nc3 g6 4.d4 cxd4 5.Nxd4 Bg7 6.Be3 Nf6 7.f3 O-O 8.Qd2 d5
9.O-O-O dxe4 10.Nxc6 Qxd2+ 11.Rxd2 bxc6 12.Bc4 exf3 13.gxf3 Nd7 14.Rhd1 Nb6
15.Bb3 Be6 16.Kb1 Bxb3 17.axb3 Rfe8 18.Na4 Nd5 19.Bf2 f5 20.c4 Nf6 21.Nc5 Kf7
22.Bh4 h6 23.Nd7 g5 24.Bf2 Nh5 25.Nc5 Be5 26.h4 Bf4 27.Rd7 Nf6 28.R7d3 g4
29.fxg4 fxg4 30.Rd4 Be5 31.R4d3 h5 32.Nd7 Nxd7 33.Rxd7 a5 34.Bc5 Bf6 35.Bd4 Red8
36.Bxf6 Rxd7 37.Rxd7 Kxf6 38.Rc7 g3 39.Rxc6+ e6 40.Rd6 g2 41.Rd1 Rg8 42.Rg1 Kf5
43.Ka2 Kf4 44.Ka3 Kf3  0-1

[Event "Barbera op"]
[Site "Barbera"]
[Date "1997.??.??"]
[Round "2"]
[White "Perpinya Rofes, Lluis Maria"]
[Black "Comas Fabrego, Luis"]
[Result "1/2-1/2"]
[WhiteElo "2265"]
[BlackElo "2465"]

1.e4 c5 2.Nc3 Nc6 3.Nge2 g6 4.d4 cxd4 5.Nxd4 Bg7 6.Be3 Nf6 7.Bc4 O-O 8.Bb3 Ng4
9.Qxg4 Nxd4 10.Qh4 d6 11.O-O Be6 12.Rad1 Nxb3  1/2-1/2

[Event "Barbera-A"]
[Site "Barbera"]
[Date "1997.??.??"]
[Round "5"]
[White "Bjerring, Kai"]
[Black "Campos, Jose Felix"]
[Result "1/2-1/2"]
[WhiteElo "2315"]
[BlackElo "2260"]

1.e4 c5 2.Nf3 Nc6 3.Nc3 d6 4.d4 cxd4 5.Nxd4 Nf6 6.Bg5 e6 7.Qd2 a6 8.O-O-O h6
9.Bf4 Bd7 10.Nxc6 Bxc6 11.f3 d5 12.exd5 Nxd5 13.Nxd5 Bxd5 14.c4 Bc6 15.Qxd8+ Rxd8
16.Rxd8+ Kxd8 17.Bd3 Bc5 18.Rd1 Ke7 19.Be4 Bxe4 20.fxe4 g5 21.Bg3 Rc8 22.Kd2 f5
23.exf5 exf5 24.Ke2 f4 25.Be1 Ke6 26.h3 Be3 27.b3 b5 28.cxb5 axb5 29.a4 bxa4
30.bxa4 Rc2+ 31.Kf3 Ra2 32.a5 h5 33.Rb1 Bc5 34.Rc1 Bd6 35.Rc6 Kd5 36.Rb6 Ra1
37.Bb4 Bxb4 38.Rxb4 Ra3+ 39.Kf2 Rxa5 40.h4 Kc5 41.Re4 Kd5 42.Rb4 Ke5 43.hxg5 Kf5
44.g6 Ra2+ 45.Kf1 Ra7 46.Kf2 Kg4 47.Rb2 h4 48.Rc2 Kf5 49.Rc6 Ra2+ 50.Kf1 Ra1+  1/2-1/2

[Event "Barbera op"]
[Site "Barbera"]
[Date "1997.??.??"]
[Round "6"]
[White "Bjerring, Kai"]
[Black "Yepes Martinez, Eduard"]
[Result "1-0"]
[WhiteElo "2315"]
[BlackElo "2300"]

1.e4 c5 2.Nf3 Nc6 3.Nc3 d6 4.d4 cxd4 5.Nxd4 Nf6 6.Bc4 Bd7 7.Bb3 g6 8.f3 Nxd4
9.Qxd4 Bg7 10.Be3 O-O 11.Qd2 b5 12.O-O a5 13.a3 Qc7 14.Ne2 Rac8 15.c3 Rfd8
16.Nf4 Bc6 17.Rfd1 Bh6 18.Kf1 d5 19.exd5 Bxd5 20.Nxd5  1-0

[Event "Regionalliga NW9798"]
[Site "Bayern"]
[Date "1997.??.??"]
[Round "?"]
[White "Fischer, Emil"]
[Black "Fischer, Sebastian"]
[Result "1-0"]
[WhiteElo "2155"]
[BlackElo "2300"]

1.e4 c5 2.Nc3 Nc6 3.Nf3 e5 4.g3 g6 5.Bg2 Bg7 6.d3 Nge7 7.Bg5 f6 8.Be3 b6
9.Qd2 Bb7 10.Nh4 Nd4 11.f4 O-O 12.fxe5 fxe5 13.O-O-O d6 14.Rdf1 Qd7 15.Nd1 d5
16.Nf2 Ne6 17.Bh6 d4 18.Bxg7 Nxg7 19.Bh3 Qd6 20.Ng4 Nh5 21.Qg5 Rxf1+ 22.Rxf1 Rf8
23.Nh6+ Kg7 24.N6f5+ Nxf5 25.Nxf5+ Rxf5 26.exf5 Nf6 27.fxg6 hxg6 28.Re1 e4
29.dxe4 Bxe4 30.Qf4 Qd5 31.Rf1 Nh7 32.Qc7+ Kh6 33.Qf4+ Kg7 34.Re1 Nf6 35.Kb1 c4
36.Bf1 c3 37.Qc7+ Kh6 38.Bc4 Qg5 39.Qf4 Qxf4 40.gxf4 Bf3 41.bxc3 dxc3 42.Re3 Ne4
43.Kc1  1-0

[Event "Landesliga Nord9798"]
[Site "Bayern"]
[Date "1997.??.??"]
[Round "?"]
[White "Gross, Stefan"]
[Black "Jirovsky, Petr"]
[Result "1-0"]
[WhiteElo "2325"]
[BlackElo "2260"]

1.e4 c5 2.Nc3 Nc6 3.Nf3 e5 4.Bc4 d6 5.d3 h6 6.Nd2 Nf6 7.Nf1 Be6 8.Ne3 Be7
9.O-O O-O 10.a3 Qd7 11.Ncd5 Bxd5 12.Nxd5 Nxd5 13.Bxd5 Bf6 14.c3 Ne7 15.Ba2 Ng6
16.Qf3 Qe7 17.Qf5 Kh8 18.g3 b5 19.Be3 Rac8 20.h4 Rfe8 21.Bd5 Rc7 22.a4 Rb8
23.axb5 Rxb5 24.b3 Rb8 25.Ra6 Nf8 26.f4 g6 27.Qg4 h5 28.Qf3 Bg7 29.f5 Nd7
30.Bg5 Qe8 31.fxg6 fxg6 32.Bf7 Qf8 33.Qe3 Bf6 34.Rxd6 Qxd6 35.Bxf6+  1-0

[Event "Regionalliga SW9697"]
[Site "Bayern"]
[Date "1997.??.??"]
[Round "?"]
[White "Kneifel, Stefan"]
[Black "Schuele, Herbert"]
[Result "1-0"]
[WhiteElo "1940"]
[BlackElo "2005"]

1.e4 c5 2.Nc3 Nc6 3.Bb5 a6 4.Bxc6 bxc6 5.d3 d6 6.f4 Nf6 7.Nf3 g6 8.O-O Bg7
9.Qe1 O-O 10.Kh1 Rb8 11.b3 Bg4 12.Bb2 Ne8 13.Nd1 Bxb2 14.Nxb2 Bxf3 15.Rxf3 e6
16.Nc4 Rb7 17.Qc3 Nc7 18.a4 Qe7 19.Raf1 f5 20.e5 dxe5 21.Nxe5 Nd5 22.Qc4 Rb6
23.Re1 Qd6 24.d4 cxd4 25.Qxd4 Rb4 26.Nc4 Qd7 27.Qe5 Re8 28.Rd3 Rb7 29.Nd6  1-0

[Event "Regionalliga SW9697"]
[Site "Bayern"]
[Date "1997.??.??"]
[Round "?"]
[White "Kneifel, Stefan"]
[Black "Unzicker, Alexander"]
[Result "1-0"]
[WhiteElo "1940"]
[BlackElo "2035"]

1.e4 c5 2.Nc3 Nc6 3.Bb5 d6 4.Bxc6+ bxc6 5.d3 g6 6.f4 Bg7 7.Nf3 Nf6 8.O-O Rb8
9.Qe1 O-O 10.Rb1 Re8 11.b3 Qc7 12.Bb2 Nh5 13.Ne2 d5 14.Bxg7 Kxg7 15.Qc3+ Kg8
16.Qxc5 dxe4 17.dxe4 Nxf4 18.Nxf4 Qxf4 19.Ng5 Qd6 20.Qxd6 exd6 21.Nxf7 Rxe4
22.Nxd6 Re2 23.Rbe1 Ba6 24.Rxe2 Bxe2 25.Re1 Rd8 26.Rxe2 Rxd6 27.Kf2 Kf7 28.Ke3 Re6+
29.Kd3 Rd6+ 30.Kc4 Rd5 31.b4 a5 32.a4 axb4 33.Kxb4 Rd1 34.c4 Rb1+ 35.Kc3 h5
36.Ra2 Rb6 37.a5 Ra6 38.Kb4 g5 39.Rf2+ Ke6 40.Rf8 Ke5 41.Rb8 Kd4 42.Rb6 c5+
43.Kb5 Ra8 44.a6 h4 45.Rg6 Rb8+ 46.Kc6 Kxc4 47.Rxg5 Rc8+ 48.Kb7 Rh8 49.Rg7 h3
50.Rg4+  1-0

[Event "Benasque op"]
[Site "Benasque"]
[Date "1997.??.??"]
[Round "3"]
[White "Sziva, Erika"]
[Black "Delchev, Aleksander"]
[Result "0-1"]
[WhiteElo "2275"]
[BlackElo "2515"]

1.e4 c5 2.Nc3 Nc6 3.Nge2 Nf6 4.d4 cxd4 5.Nxd4 d6 6.Bc4 e6 7.Be3 a6 8.Qe2 Qc7
9.O-O-O Na5 10.Bb3 b5 11.f3 b4 12.Nb1 d5 13.Nd2 Be7 14.g4 dxe4 15.fxe4 Nd7
16.g5 Nc5 17.Kb1 Bb7 18.h4 Rc8 19.Rc1 O-O 20.h5 Rfd8 21.Rhf1 g6 22.hxg6 fxg6
23.Qg4 Qd7 24.Bc4 Nxc4 25.Nxc4 e5 26.Nxe5 Qxg4 27.Nxg4 Kg7 28.e5 Bd5 29.Nf6 Bxf6
30.exf6+ Kf7 31.Nf3 Re8 32.Bd4 Nd7 33.c3 Re2 34.cxb4 Be4+ 35.Ka1 Rxc1+ 36.Rxc1 Bxf3
37.b3 Re4 38.Bc3 Nb6 39.Rf1 Bh5 40.Rc1 Nd5  0-1

[Event "Benasque op"]
[Site "Benasque"]
[Date "1997.??.??"]
[Round "3"]
[White "Martin Echeandia, Ibon"]
[Black "De la Riva Aguado, Oscar"]
[Result "0-1"]
[WhiteElo "2235"]
[BlackElo "2480"]

1.e4 c5 2.Nc3 Nc6 3.Bb5 Nd4 4.Bc4 e6 5.Nce2 Nxe2 6.Qxe2 a6 7.d3 Ne7 8.Be3 Nc6
9.Nf3 Be7 10.O-O O-O 11.Rfd1 b5 12.Bb3 Na5 13.c3 Nxb3 14.axb3 Bb7 15.d4 cxd4
16.Bxd4 Qc7 17.Rd3 d6 18.Rad1 Qc6 19.e5 Rad8 20.Ne1 dxe5 21.Qxe5 f6 22.Qh5 e5
23.Be3 Rxd3 24.Rxd3 f5 25.Qd1 f4 26.Bc1 Qe6 27.f3 e4 28.fxe4 Bxe4 29.Rd7 Bc6
30.Rd3 Bc5+ 31.Kh1 h6 32.Nf3 Qe4 33.h3 Bb6 34.Rd6 Bc7 35.Rd4 Qg6 36.Qd3 Qg3
37.Bd2 Re8 38.Qf1 Kh8 39.Be1 Qg6 40.Bd2 Qf6 41.Qd3 Qf7 42.b4 Re6 43.b3 Qe8
44.Bxf4 Bb6 45.Rd6 Bxf3 46.Rxe6 Qxe6  0-1

[Event "Benasque op"]
[Site "Benasque"]
[Date "1997.??.??"]
[Round "9"]
[White "Montoya Bello, Felix J"]
[Black "Martin Gonzalez, Angel"]
[Result "0-1"]
[WhiteElo "2155"]
[BlackElo "2420"]

1.e4 c5 2.Nc3 Nc6 3.Nge2 g6 4.g3 Bg7 5.Bg2 d6 6.O-O e5 7.d3 Nge7 8.Be3 Be6
9.Qd2 Qd7 10.Nd5 O-O 11.c3 f5 12.Nxe7+ Nxe7 13.d4 cxd4 14.cxd4 fxe4 15.Bxe4 d5
16.Bg2 e4 17.f3 exf3 18.Bxf3 Bh3 19.Bg2 Bxg2 20.Kxg2 Nf5 21.Bf2 Nd6 22.Nc3 Nc4
23.Qc2 Bh6 24.b3 Nd2 25.Rfd1 Rxf2+ 26.Kxf2 Qf7+ 27.Kg2 Qf3+ 28.Kh3 Rf8 29.Re1 Qh5+
30.Kg2 Rf2+  0-1

[Event "Berliner Sommer"]
[Site "Berlin"]
[Date "1997.??.??"]
[Round "1"]
[White "Jahn, T."]
[Black "Tseitlin, Mark D"]
[Result "0-1"]
[WhiteElo "2095"]
[BlackElo "2530"]

1.e4 c5 2.Nf3 Nc6 3.Nc3 d6 4.d4 cxd4 5.Nxd4 Nf6 6.Bg5 e6 7.Qd2 a6 8.O-O-O h6
9.Be3 Be7 10.f4 Bd7 11.Bd3 b5 12.e5 dxe5 13.Nxc6 Bxc6 14.fxe5 Nd7 15.Qf2 Qc7
16.Kb1 Qxe5 17.Bf4 Qc5 18.Be3 Qh5 19.Ne4 O-O 20.g4 Qh4 21.Qe2 Ne5 22.Rhg1 Rad8
23.Nc5 Bf3 24.Qe1 Bxd1 25.Qxd1 Nc4 26.Qe2 Nxe3 27.Qxe3 Bxc5 28.Qxc5 Qxh2
29.Rf1 Qd2 30.Qg1 Rd5 31.Rd1 Qg5  0-1

[Event "Berliner Sommer"]
[Site "Berlin"]
[Date "1997.??.??"]
[Round "1"]
[White "Gipslis, Aivars"]
[Black "Jaeger, A."]
[Result "1-0"]
[WhiteElo "2465"]
[BlackElo "2025"]

1.e4 c5 2.Nf3 Nc6 3.Nc3 e6 4.Bb5 Nge7 5.O-O a6 6.Bxc6 Nxc6 7.d4 cxd4 8.Nxd4 Qc7
9.Re1 b5 10.Nxc6 Qxc6 11.Nd5 Be7 12.Qg4 Rg8 13.Nxe7 Kxe7 14.Qh4+ f6 15.Qxh7 Bb7
16.Bd2 Qxc2 17.Bb4+ Kf7 18.Rad1 d5 19.Rc1 Rh8 20.Rxc2  1-0

[Event "Berliner Sommer"]
[Site "Berlin"]
[Date "1997.??.??"]
[Round "1"]
[White "Eismont, Oleg"]
[Black "Zaeske, W."]
[Result "1-0"]
[WhiteElo "2455"]
[BlackElo "2005"]

1.e4 c5 2.Nc3 Nc6 3.Nf3 d6 4.d4 cxd4 5.Nxd4 Nf6 6.Be3 e5 7.Nf3 h6 8.Bc4 Be6
9.Bb3 Be7 10.O-O O-O 11.Qe2 Bxb3 12.axb3 a6 13.Rfd1 Rc8 14.Nh4 Re8 15.Nf5 Bf8
16.f3 Nb4 17.Rd2 d5 18.Nxd5 Nbxd5 19.exd5 e4 20.f4 Qd7 21.Ng3 Ng4 22.Nf1 Qf5
23.d6 Red8 24.Ng3 Qd7 25.Bb6 Re8 26.c4 Rc6 27.c5 g6 28.h3 Nf6 29.Rad1 h5
30.Nf1 Bh6 31.Qf2 e3 32.Nxe3 Ne4 33.Qf3 Nxd2 34.Rxd2 Rxb6 35.cxb6 Rd8 36.g4 hxg4
37.hxg4 Bf8 38.Nc4 Qc8 39.Kg2 Qe6 40.f5 Qf6 41.fxg6 Qxg6 42.Qf5 Qxf5 43.gxf5 Kg7
44.Kf3 Kf6 45.Rd5 Kg5 46.Ke4 Re8+ 47.Kf3 Rd8 48.Nd2 Kh6 49.Ne4  1-0

[Event "Berliner Sommer"]
[Site "Berlin"]
[Date "1997.??.??"]
[Round "2"]
[White "Fuellgrabe, Thomas"]
[Black "Ovsejevitsch, Sergei"]
[Result "0-1"]
[WhiteElo "2205"]
[BlackElo "2465"]

1.e4 c5 2.Nc3 Nc6 3.Nge2 g6 4.d4 cxd4 5.Nxd4 Bg7 6.Be3 Nf6 7.Bc4 O-O 8.Bb3 d6
9.f3 Bd7 10.Qd2 Qa5 11.O-O-O Rfc8 12.Kb1 Ne5 13.h4 Nc4 14.Bxc4 Rxc4 15.Nb3 Qd8
16.h5 Nxh5 17.g4 Nf6 18.Qh2 Rxc3 19.bxc3 Qc7 20.Bd4 Be6 21.e5 dxe5 22.Bxe5 Qb6
23.g5 Nh5 24.Bxg7 Kxg7 25.Qe5+ Kg8 26.Rh4 Rc8 27.Rb4 Qc7 28.Qxc7 Rxc7 29.Rd8+ Kg7
30.Nd4 Bc4 31.Kb2 a6 32.a4 Nf4 33.Rb8 Bd5 34.Nf5+ gxf5 35.Rxf4 e6 36.Rd8 Rc5
37.Rd7 Kg6 38.Rh4 Bxf3 39.Rh6+ Kxg5 40.Rxh7 Bh5 41.Rxb7 f4  0-1

[Event "Berliner Sommer"]
[Site "Berlin"]
[Date "1997.??.??"]
[Round "2"]
[White "Brustkern, Juergen"]
[Black "Levin, Felix"]
[Result "0-1"]
[WhiteElo "2235"]
[BlackElo "2475"]

1.e4 c5 2.Nc3 Nc6 3.Nge2 d6 4.d4 cxd4 5.Nxd4 Nf6 6.Bc4 Qb6 7.Nb3 e6 8.Bf4 Ne5
9.Be2 Bd7 10.Qd2 Rc8 11.f3 Be7 12.O-O-O O-O 13.g4 Rfd8 14.g5 Ne8 15.Be3 Qc7
16.f4 Nc4 17.Bxc4 Qxc4 18.Bxa7 b5 19.a3 b4 20.axb4 Qxb4 21.Qd4 Qb7 22.Bb6 Nc7
23.Rhg1 Re8 24.Bxc7 Rxc7 25.f5 Rec8 26.f6 Bf8 27.Rd3 g6 28.Qf2 d5 29.exd5 exd5
30.Rgd1 Bf5 31.Rxd5 Rxc3 32.bxc3 Ba3+ 33.Kd2 Qxd5+  0-1

[Event "Berliner Sommer"]
[Site "Berlin"]
[Date "1997.??.??"]
[Round "3"]
[White "Puztov, A."]
[Black "Wolf, Christian"]
[Result "1-0"]
[WhiteElo "2455"]
[BlackElo "2090"]

1.e4 c5 2.Nc3 Nc6 3.Nge2 g6 4.d4 cxd4 5.Nxd4 Bg7 6.Be3 d6 7.Bc4 Nf6 8.h3 O-O
9.O-O Na5 10.Bb3 a6 11.Bg5 Nxb3 12.axb3 h6 13.Bh4 Qb6 14.Nde2 e6 15.Qd2 g5
16.Bg3 d5 17.exd5 Nxd5 18.h4 Nxc3 19.Nxc3 Qd8 20.Qe2 Bd7 21.hxg5 Qxg5 22.Ne4 Qg6
23.Nc5 Bc6 24.Nd3 Bd4 25.Kh2 Qg5 26.Rfd1 Rfd8 27.c3 Bg7 28.Nb4 Bb5 29.Qf3 e5
30.Kg1 a5 31.Rxd8+ Rxd8 32.Qxb7 Be2 33.Nc6 Rd2 34.Qa8+ Kh7 35.Qxa5 h5 36.Bxe5 Bf3
37.Bg3 Bxc6 38.Qxg5  1-0

[Event "Berliner Sommer"]
[Site "Berlin"]
[Date "1997.??.??"]
[Round "4"]
[White "Bigaliev, Renat"]
[Black "Wiersma, Eelke"]
[Result "1-0"]
[WhiteElo "2435"]
[BlackElo "2300"]

1.e4 c5 2.Nf3 Nc6 3.Nc3 e6 4.Bb5 Nge7 5.O-O a6 6.Bxc6 Nxc6 7.d4 cxd4 8.Nxd4 d6
9.Re1 Bd7 10.Nxc6 Bxc6 11.Nd5 Be7 12.Nxe7 Qxe7 13.b3 O-O 14.Ba3 Rfd8 15.Qg4 Qf6
16.Bxd6 Qc3 17.Qg3 Qxc2 18.Be5 f6 19.Bxf6 Rd7 20.Qg4 Rf8 21.Qxe6+ Rdf7 22.Rac1 Qd3
23.Ba1 Bd7 24.Qe5 Qd2 25.f3 Qxa2 26.b4 Bc6 27.Rcd1 Qb3 28.Qc3 Qxc3 29.Bxc3 Re8
30.Kf2 Ree7 31.Rd8+ Rf8 32.Rxf8+ Kxf8 33.Bd4 Kf7 34.Ke3 Rd7 35.Rc1 Ke6 36.f4 Kf7
37.f5  1-0

[Event "Berliner Sommer"]
[Site "Berlin"]
[Date "1997.??.??"]
[Round "7"]
[White "Fuellgrabe, Thomas"]
[Black "Glienke, Manfred"]
[Result "0-1"]
[WhiteElo "2205"]
[BlackElo "2380"]

1.e4 c5 2.Nc3 Nc6 3.Nge2 g6 4.d4 cxd4 5.Nxd4 Bg7 6.Be3 Nf6 7.Bc4 O-O 8.Bb3 d6
9.f3 Nxd4 10.Bxd4 Be6 11.Qd2 Qa5 12.O-O-O Rfc8 13.Kb1 b5 14.Bxf6 Bxf6 15.Nd5 Qxd2
16.Nxf6+ Kg7 17.Nh5+ gxh5 18.Rxd2 Kf6 19.Bxe6 fxe6 20.Re1 Rc5 21.c3 Rg8 22.Ree2 h4
23.Rd4 Rcg5 24.Rdd2 h5 25.Kc2 h3 26.g3 h4 27.f4 Rh5 28.e5+ dxe5 29.fxe5+ Rxe5
30.gxh4 Rxe2 31.Rxe2 Kf5 32.Kd3 Rg4 33.Rf2+ Ke5 34.Re2+ Kd5 35.Ke3 Rxh4 36.Kf3 e5
37.Kg3 Rh7 38.Re3 e4 39.b3 Ke5 40.c4 Kd4 41.Kf2 bxc4 42.bxc4 Rf7+ 43.Ke2 Rf3
44.Rb3 e6 45.Rb7 Ra3  0-1

[Event "Berliner Sommer"]
[Site "Berlin"]
[Date "1997.??.??"]
[Round "7"]
[White "Lamoureux, Charles"]
[Black "Ballo, Emanuel"]
[Result "1-0"]
[WhiteElo "2375"]
[BlackElo "2195"]

1.e4 c5 2.Nf3 Nc6 3.Nc3 d6 4.d4 cxd4 5.Nxd4 Nf6 6.Bc4 e6 7.Be3 Be7 8.Bb3 Bd7
9.f4 Qa5 10.O-O O-O 11.f5 Nxd4 12.Bxd4 e5 13.Bf2 Rac8 14.Bh4 Bc6 15.Bxf6 Bxf6
16.Qf3 b5 17.a3 Ba8 18.Kh1 Rxc3 19.bxc3 Rc8 20.Rfd1 Qxc3 21.Qxc3 Rxc3 22.Bd5 Bxd5
23.Rxd5 Rxc2 24.Rxb5 g6 25.fxg6 hxg6 26.Rd1 Rc4 27.Rb4 Rc6 28.Rb7 a6 29.Rd7 Rc3
30.a4 Rc4 31.R7xd6 Bg5 32.Rxa6 Rxe4 33.g3 Re2 34.Rf1 e4 35.h4 Bd8 36.Ra7 f6
37.Rd1 Bb6 38.Rb7 Bc5 39.Rdd7  1-0

[Event "Berliner Sommer"]
[Site "Berlin"]
[Date "1997.??.??"]
[Round "7"]
[White "Eismont, Oleg"]
[Black "Mueller, M."]
[Result "1-0"]
[WhiteElo "2455"]
[BlackElo "2330"]

1.e4 c5 2.Nc3 Nc6 3.Nf3 g6 4.d4 cxd4 5.Nxd4 Bg7 6.Be3 Nf6 7.Bc4 d6 8.h3 h5
9.O-O Bd7 10.f4 O-O 11.Nxc6 Bxc6 12.f5 Kh7 13.Qf3 e6 14.Qf4 exf5 15.exf5 d5
16.Bb3 Qd7 17.Rad1 Rae8 18.Bxa7 Bh6 19.Qf2 Ne4 20.Nxe4 Rxe4 21.Bd4 Rf4 22.fxg6+ fxg6
23.Qg3 h4 24.Qc3 Qf5 25.Rxf4 Bxf4 26.Qd3 Qg5 27.a4 Bd7 28.Bf2 d4 29.Bxd4 Bc6
30.Qe2 Re8 31.Qf2 Rd8 32.Kh1 Rd7 33.c3 Bg3 34.Qf6 Qxf6 35.Bxf6 Rc7 36.Rd8 Kh6
37.Rh8+ Rh7 38.Rxh7+ Kxh7 39.Bd1 Kh6 40.a5 g5 41.Bf3 Bxf3 42.gxf3 Kg6 43.Bd4 Kf5
44.b4 Bc7 45.Bb6 Be5 46.b5  1-0

[Event "Berliner Sommer"]
[Site "Berlin"]
[Date "1997.??.??"]
[Round "8"]
[White "Slobodjan, Roman"]
[Black "Heinbuch, Detlef"]
[Result "1-0"]
[WhiteElo "2550"]
[BlackElo "2360"]

1.e4 c5 2.Nf3 Nc6 3.Nc3 d6 4.Bc4 Nf6 5.d3 a6 6.a3 Bg4 7.h3 Bxf3 8.Qxf3 Nd4
9.Qd1 e6 10.O-O Be7 11.Ba2 O-O 12.Ne2 Nd7 13.Nf4 Bg5 14.c3 Nc6 15.Nxe6 fxe6
16.Bxe6+ Kh8 17.Bxg5 Qxg5 18.Bxd7 Ne5 19.Bf5  1-0

[Event "Bethune op"]
[Site "Bethune"]
[Date "1997.??.??"]
[Round "6"]
[White "Carton, Camille"]
[Black "Laurent, Bruno"]
[Result "1-0"]
[WhiteElo "2070"]
[BlackElo "2225"]

1.e4 c5 2.Nc3 Nc6 3.Nge2 d6 4.d4 cxd4 5.Nxd4 e5 6.Nb3 Be7 7.Be3 Nf6 8.Be2 Be6
9.f3 d5 10.exd5 Nxd5 11.Nxd5 Bxd5 12.O-O O-O 13.c3 Be6 14.Nc5 Qb6 15.b4 Bf5
16.Qc1 Qc7 17.f4 Rfe8 18.fxe5 Qxe5 19.Bb5 Bd6 20.g3 Bh3 21.Re1 Rad8 22.Bxc6 bxc6
23.Nb7 Qe4 24.Qb2 Be5 25.Nxd8 Bxc3 26.Qf2 Rxd8 27.Bg5 Qd5 28.Bxd8 Qxd8 29.Rad1 Qf8
30.Re4 g6 31.Qc5 Bf5 32.Qxf8+ Kxf8 33.Rc4 Bb2 34.Rxc6 Ba3 35.b5 Bb4 36.a4 Bg4
37.Rd4  1-0

[Event "Biel op MTO"]
[Site "Biel"]
[Date "1997.??.??"]
[Round "2"]
[White "Wyss, Thomas"]
[Black "Fischdick, Gisela"]
[Result "1/2-1/2"]
[WhiteElo "2210"]
[BlackElo "2285"]

1.e4 c5 2.Nc3 Nc6 3.Nge2 e5 4.Nd5 d6 5.Nec3 a6 6.a4 Be6 7.f4 Bxd5 8.exd5 Nd4
9.fxe5 dxe5 10.a5 Nh6 11.g3 f5 12.Bg2 Bd6 13.O-O O-O 14.d3 Qe8 15.Na4 f4
16.c3 Ndf5 17.gxf4 exf4 18.Nb6 Ne3 19.Bxe3 Qxe3+ 20.Kh1 f3 21.Rxf3 Rxf3 22.Qxf3 Qe5
23.Qg3 Qxg3 24.hxg3 Rd8 25.Bh3 Bxg3 26.Bc8 Re8 27.Kg2 Bc7 28.Bxb7 Re2+ 29.Kf3 Rxb2
30.d6 Bxb6 31.axb6 Rxb6 32.d7 Rd6 33.Bc6 Nf7 34.Rxa6 Ne5+ 35.Ke4 Nxc6 36.Rxc6 Rxd7
37.Rxc5 Kf7 38.d4 g6 39.Rc6 h5 40.c4 h4 41.d5 Ra7 42.Kf4 h3 43.Rc8 h2 44.Rh8 Ra4
45.Ke5 Rxc4 46.Rh7+ Ke8 47.Ke6 Re4+ 48.Kf6 Re1 49.Rxh2 g5 50.Kf5 Kd8 51.Rg2 Kd7
52.Rxg5 Rf1+  1/2-1/2

[Event "Biel op MTO"]
[Site "Biel"]
[Date "1997.??.??"]
[Round "3"]
[White "Bagirov, Rufat"]
[Black "Cebalo, Miso"]
[Result "1/2-1/2"]
[WhiteElo "2325"]
[BlackElo "2485"]

1.e4 c5 2.Nf3 Nc6 3.Nc3 g6 4.d4 cxd4 5.Nxd4 Bg7 6.Be3 Nf6 7.Nxc6 bxc6 8.e5 Nd5
9.Nxd5 cxd5 10.Qxd5 Rb8 11.Bc4 O-O 12.O-O-O Qc7 13.Bb3 Bxe5 14.Qc5 a5 15.Rd5 Qxc5
16.Rxc5 d6 17.Rxa5 Bf5 18.f4 Bf6 19.Rd1 Rfc8 20.c3 Bxc3 21.bxc3 Rxc3+ 22.Kd2 Rd3+
23.Ke2 Rdxb3 24.axb3 Bg4+ 25.Kd2 Bxd1 26.Kxd1 Rxb3 27.Ra8+ Kg7 28.Bd4+ f6
29.Kc2 Rb5 30.Ra7 Kf7 31.Kd3 h5 32.g3 Ke6 33.h3 Rb3+ 34.Bc3 Rb1 35.Ra1 Rxa1
36.Bxa1 Kf5 37.Ke3 g5 38.Bc3 e5 39.fxe5 fxe5 40.Kf3 g4+ 41.hxg4+ hxg4+ 42.Ke3 d5  1/2-1/2

[Event "Biel op MTO"]
[Site "Biel"]
[Date "1997.??.??"]
[Round "8"]
[White "Bex, Pierre Alain"]
[Black "Cherniaev, Alexander"]
[Result "1/2-1/2"]
[WhiteElo "2200"]
[BlackElo "2480"]

1.e4 c5 2.Nf3 Nc6 3.Nc3 Nd4 4.Bc4 e6 5.d3 Ne7 6.Nxd4 cxd4 7.Ne2 b5 8.Bb3 Nc6
9.c3 Bc5 10.O-O Bb7 11.Kh1 Qe7 12.Bd2 a5 13.a3 O-O 14.f4 g6 15.f5 gxf5 16.exf5 Qh4
17.Rf4 Qh5 18.Qe1 f6 19.Ng3 Qe8 20.fxe6 Kh8 21.Ne4 Be7 22.Qf2 dxe6 23.Bxe6 Ne5
24.Qg3 Ng6 25.Rf5 Bxa3 26.bxa3 Qxe6 27.Raf1 Bxe4 28.dxe4 Qxe4 29.cxd4 Ra6
30.Bh6 Rg8 31.Rxb5 Qxd4 32.Qc7 Ra7 33.Rb7 Rxb7 34.Qxb7 Qh4 35.Bd2 Ne5 36.Qe7 Ng4
37.Bf4 Qh5 38.Bg3 Re8 39.Qd6 Qb5 40.Qf4 Re4 41.Qb8+ Qxb8 42.Bxb8 Kg7 43.h3 Ne5
44.Kg1 Nc4 45.a4 Kg6 46.Rf4 Re1+ 47.Kf2 Rc1 48.Rg4+ Kf5 49.Rh4 Rc2+ 50.Kg1 Ne3
51.g3 Nd5 52.Rxh7 Ke4 53.Rh4+ Ke3 54.Ba7+ Kf3 55.Rd4  1/2-1/2

[Event "Biel op MTO"]
[Site "Biel"]
[Date "1997.??.??"]
[Round "10"]
[White "Berzinsh, Roland"]
[Black "Tischbierek, Raj"]
[Result "0-1"]
[WhiteElo "2440"]
[BlackElo "2515"]

1.e4 c5 2.Nc3 Nc6 3.Nge2 d6 4.d4 cxd4 5.Nxd4 Nf6 6.Bg5 a6 7.Bxf6 gxf6 8.Qd2 Qb6
9.Nb3 e6 10.O-O-O Bd7 11.f4 O-O-O 12.Be2 h5 13.Kb1 Kb8 14.Rhf1 h4 15.Bg4 Na5
16.Qe2 Rc8 17.Nd5 Qd8 18.Nxa5 Qxa5 19.Qe1 Qc5 20.Ne3 Be7 21.Rf2 Bd8 22.Rfd2 Ba4
23.Qf2 Bb6 24.Re1 f5 25.Bf3 fxe4 26.Bxe4 Qb4 27.c4 Rxc4 28.a3 Qb3 29.Qf3 Rc3
30.Rde2 Bb5 31.Bc2 Bxe2 32.Qxe2 Rxc2 33.Qxc2 Qxc2+ 34.Nxc2 Rg8  0-1

[Event "Bled op18th"]
[Site "Bled"]
[Date "1997.??.??"]
[Round "8"]
[White "Golubovic, Boris"]
[Black "Glienke, Manfred"]
[Result "1-0"]
[WhiteElo "2450"]
[BlackElo "2390"]

1.e4 c5 2.Nf3 Nc6 3.Nc3 g6 4.Bb5 Bg7 5.O-O Nf6 6.Bxc6 dxc6 7.d3 O-O 8.h3 b6
9.Be3 Ne8 10.a4 a5 11.Qd2 Nc7 12.Bh6 Ne6 13.Bxg7 Kxg7 14.Ne2 Qc7 15.Rfe1 f6
16.Qe3 Ba6 17.e5 f5 18.Ng5 Bc8 19.h4 Nxg5 20.Qxg5 h6 21.Qg3 Kh7 22.Rad1 Ba6
23.Nf4 Rg8 24.d4 cxd4 25.Rxd4 c5 26.Rd2 Qc6 27.e6 Rg7 28.Rd7 Re8 29.b3 Bc8
30.Qd3 c4 31.bxc4 Ba6 32.h5 gxh5 33.Qxf5+ Kg8 34.Nd5 Bxc4 35.Qxh5 Qa8 36.Nf6+ exf6
37.Rxg7+ Kxg7 38.Qg4+ Kh7 39.Qxc4 Re7 40.Qd4 Rg7 41.g3 Qf8 42.Qe4+  1-0

[Event "Bled op18th"]
[Site "Bled"]
[Date "1997.??.??"]
[Round "9"]
[White "Sutovskij, Emil"]
[Black "Kozul, Zdenko"]
[Result "1/2-1/2"]
[WhiteElo "2560"]
[BlackElo "2590"]

1.e4 c5 2.Nf3 Nc6 3.Nc3 d6 4.d4 cxd4 5.Nxd4 Nf6 6.Bg5 e6 7.Qd2 a6 8.O-O-O Bd7
9.f3 Be7 10.h4 Rc8 11.Kb1 h5 12.Nxc6 Rxc6 13.Ne2 e5 14.Nc3 Be6 15.g3 Qc8
16.Rh2 Bd8 17.Bxf6 Bxf6 18.Nd5 Bd8 19.f4 Bxd5 20.Qxd5 Qg4 21.fxe5 Qxg3 22.Rhd2 Rh6
23.Bc4 Re6 24.exd6 Rcxd6 25.Qxh5 g6 26.Qh8+ Ke7 27.Rxd6 Rxd6 28.Rf1 Kd7 29.e5 Rd2
30.a3 Qxh4 31.Rxf7+ Kc8 32.Be6+ Kb8 33.Qg7 Qh1+ 34.Ka2 Rxc2 35.Qf8 Rd2 36.Qc5 Qg2
37.Qb4 Bc7 38.Bc4 a5 39.Qb5 Qe4 40.e6 Bd8 41.a4 Rd1 42.Bb3 Re1 43.Qc5 Qb1+
44.Ka3 Qd3 45.Ka2 Qb1+ 46.Ka3 Qd3 47.Ka2 Qb1+  1/2-1/2

[Event "Bourbon Lancy op"]
[Site "Bourbon Lancy"]
[Date "1997.??.??"]
[Round "3"]
[White "Shchekachev, Andrei"]
[Black "Pigusov, Evgeny"]
[Result "1-0"]
[WhiteElo "2510"]
[BlackElo "2560"]

1.e4 c5 2.Nc3 Nc6 3.Nf3 g6 4.d4 cxd4 5.Nxd4 Bg7 6.Be3 Nf6 7.Bc4 O-O 8.Bb3 a5
9.O-O a4 10.Nxc6 bxc6 11.Nxa4 Nxe4 12.f3 Nf6 13.Bb6 Qe8 14.Re1 d6 15.Bf2 c5
16.Nb6 Ra7 17.a4 Bb7 18.c3 Qd8 19.a5 Bc6 20.Qe2 Re8 21.Ra3 e5 22.Ba4 Bxa4
23.Rxa4 e4 24.fxe4 d5 25.Qd1 d4 26.e5 Nd7 27.cxd4 Nxb6 28.axb6 Rd7 29.Ra7 cxd4
30.Rxd7 Qxd7 31.Qxd4 Qb5 32.b4 Bf8 33.Rc1 h5 34.Rc7 Rxe5 35.b7 Rd5 36.Qa1 Qe2
37.Rc1 Rb5 38.Rc8 Rxb7 39.Bc5 Re7 40.Bxe7 Qxe7 41.b5 Qd7 42.Rc6 Bg7 43.Qb1 Qd4+
44.Kh1 Be5 45.Qf1 Qh4 46.h3 Qg3 47.Qg1 g5 48.b6 g4 49.Rh6 h4 50.Rh5 f6 51.b7 Bb8
52.Rd5 Kh7 53.hxg4 Kg7 54.Rd7+ Kh6 55.g5+ Qxg5 56.Qb1 f5 57.Qb6+ Kh5 58.Rh7+ Kg4
59.Qd4+  1-0

[Event "Bratto op"]
[Site "Bratto"]
[Date "1997.??.??"]
[Round "1"]
[White "Samaritani, Fabio"]
[Black "Godena, Michele"]
[Result "0-1"]
[WhiteElo "2220"]
[BlackElo "2545"]

1.e4 c5 2.Nf3 Nc6 3.Nc3 d6 4.d4 cxd4 5.Nxd4 Nf6 6.Bg5 e6 7.Qd2 a6 8.O-O-O h6
9.Be3 Nxd4 10.Bxd4 b5 11.Bd3 Be7 12.Kb1 O-O 13.f4 b4 14.Ne2 a5 15.g4 e5 16.fxe5 dxe5
17.Bxe5 Nxg4 18.Bf4 Nf2 19.Rhg1 Nxd1 20.Bxh6 g6 21.Qxd1 Bf6 22.Bxf8 Kxf8
23.Bc4 Qe7 24.Nf4 Qe5 25.Qc1 Ra7 26.Rxg6 Qxb2+ 27.Qxb2 Bxb2 28.Rd6 Be5  0-1

[Event "Budapest FS02 IM"]
[Site "Budapest"]
[Date "1997.??.??"]
[Round "1"]
[White "Madl, Ildiko"]
[Black "Varga, Peter"]
[Result "1-0"]
[WhiteElo "2365"]
[BlackElo "2390"]

1.e4 c5 2.Nf3 Nc6 3.Nc3 d6 4.d4 cxd4 5.Nxd4 Nf6 6.Bc4 Qb6 7.Nxc6 bxc6 8.O-O g6
9.Qe2 Bg4 10.Qe1 Qc5 11.b3 Bg7 12.Na4 Qh5 13.Bb2 Be6 14.Bxe6 fxe6 15.e5 Ng4
16.h3 Bxe5 17.Bxe5 Nxe5 18.f4 Nd7 19.Qxe6 Qf5 20.Qe3 Qf6 21.Rae1 Rf8 22.c4 h6
23.Nc3 Qg7 24.Ne4 Kd8 25.Rd1 Kc7 26.Qd2 Nf6 27.Qa5+ Kb7 28.Rxd6 Rac8 29.Nc5+ Ka8
30.Rdd1 Qf7 31.Nd7 Qe6 32.Nxf8 Qe3+ 33.Kh2 Rxf8 34.Qe5 Ne4 35.Rde1 Qg3+ 36.Kg1 Nd2
37.Rf2 Rd8 38.Qe3 Qxe3 39.Rxe3  1-0